| 000 | 01643nab a2200241 i 4500 | ||
|---|---|---|---|
| 001 | 768714001 | ||
| 003 | CO-MdFUSB | ||
| 005 | 20240618143116.0 | ||
| 008 | 240618t1990 us ||||| |||| 00| 0 eng d | ||
| 040 |
_bspa _cCO-MdFUSB _dCO-MdFUSB |
||
| 041 | _aeng | ||
| 100 |
_aClooney, Francis X., _d1950- _eautor |
||
| 245 |
_aRoberto de Nobili, adaptation and the reasonable interpretation of religion _c/ Francis X. Clooney |
||
| 520 | _aEl estudio de la historia de la misión nos presenta a hombres y mujeres cuyas opiniones sobre el cristianismo y la cultura coinciden sólo parcialmente con las nuestras, y aprendemos mucho tanto de las diferencias como de las similitudes. Roberto de Nobili, SJ, misionero en el sur de la India en la primera mitad del siglo XVII, es un buen ejemplo: su inmersión en la cultura india y sus opiniones sobre la necesaria adaptación del mensaje cristiano en nuevos entornos anticiparon durante siglos los métodos y Argumentos de la teoría moderna de la inculturación. Sin embargo, como se mostrará, su creencia en la universalidad de la razón es premoderna y es el rasgo de su pensamiento que lo separa más claramente de la mayoría de los misioneros y eruditos de la religión modernos. | ||
| 546 | _aTexto en inglés. | ||
| 630 | 0 | _aEcumenismo e humanismo, | |
| 650 | 0 |
_aMisiones _9154 |
|
| 650 | 7 |
_aCristianismo y cultura _96959 |
|
| 650 | 7 |
_aAntropología cultural y social _96714 |
|
| 773 | 0 |
_049486 _982779 _d Pasadena _oR2654 _tMissiology: _w(CO-MdFUSB)97 _gVolumen 18, (número 1, 1990) páginas: 25 - 36 _qpágina: 25 |
|
| 942 | _cANA | ||
| 945 | _aCatherine Arias Álvarez - Practicante SENA | ||
| 999 |
_c70259 _d70259 |
||